[Event "Rated Blitz game"]
[Site "?"]
[Date "2021.05.19"]
[Round "?"]
[White "vespillo77"]
[Black "GoughPhar"]
[Result "1-0"]
[WhiteElo "2437"]
[BlackElo "2413"]
[PlyCount "155"]
[EventDate "2021.??.??"]
[EventType "blitz"]

1. e4 e5 2. Nf3 d5 3. exd5 e4 4. Qe2 Nf6 5. d3 Qxd5 6. Nfd2 Be7 7. Nc3 Qa5 8.
Ndxe4 O-O 9. Bd2 Nc6 10. Nxf6+ Bxf6 11. Ne4 Qf5 12. Nxf6+ Qxf6 13. Bc3 Nd4 14.
Bxd4 Qxd4 15. O-O-O Bg4 16. f3 Be6 17. Qe4 Qb6 18. d4 Rad8 19. Bd3 g6 20. c3
Bxa2 21. Rde1 Be6 22. g4 c5 23. dxc5 Qxc5 24. h4 Bd5 25. Qe5 Qc6 26. h5 Rfe8
27. Qf4 Bxf3 28. Rxe8+ Rxe8 29. Rf1 Bd5 30. h6 Re6 31. Qd4 f6 32. g5 Qd6 33.
gxf6 Kf7 34. Rd1 Rxf6 35. Bc4 Qf4+ 36. Qxf4 Rxf4 37. Bxd5+ Kf6 38. Bxb7 a5 39.
Rd7 Rh4 40. Rxh7 g5 41. Kc2 Kg6 42. Rh8 a4 43. Bc6 Rh2+ 44. Kb1 Rh4 45. Ka2 Kf7
46. Ka3 Kg6 47. Be8+ Kf6 48. Bxa4 Kg6 49. Bc2+ Kf6 50. Bd3 g4 51. h7 g3 52. Rg8
Rh6 53. h8=Q+ Rxh8 54. Rxh8 g2 55. Rg8 Kf7 56. Rxg2 Ke6 57. Rf2 Ke5 58. c4 Kd4
59. Re2 Kxd3 60. Kb4 Kxe2 61. c5 Ke3 62. c6 Ke4 63. c7 Ke5 64. c8=Q Kd4 65. Qc7
Kd5 66. Kb5 Ke4 67. Kc5 Kd3 68. b4 Kc2 69. b5 Kb3 70. b6 Kc2 71. b7 Kd3 72.
b8=Q Ke4 73. Kd6 Kf5 74. Qb5+ Ke4 75. Qcc4+ Ke3 76. Qbb3+ Kf2 77. Qcc2+ Ke1 78.
Qbb1# {Normal} 1-0

[Event "Rated Blitz game"]
[Site "?"]
[Date "2021.05.19"]
[Round "?"]
[White "Tugaichess"]
[Black "DonCroccante"]
[Result "0-1"]
[WhiteElo "2436"]
[BlackElo "2425"]
[PlyCount "66"]
[EventDate "2021.??.??"]
[EventType "blitz"]

1. e4 e5 2. Nf3 d5 3. exd5 e4 4. Nd4 Nf6 5. c4 c6 6. Qe2 Be7 7. d3 cxd5 8. dxe4
dxe4 9. Be3 O-O 10. Nc3 Qa5 11. h3 Bb4 12. Bd2 Nc6 13. Nxc6 bxc6 14. g4 e3 15.
fxe3 Bd6 16. Bg2 Bg3+ 17. Kf1 Qc7 18. g5 Ne8 19. Ne4 Be5 20. Bc3 Bf5 21. Qf3
Bxe4 22. Qxe4 Bxc3 23. bxc3 Nd6 24. Qxc6 Qe7 25. Kf2 Rac8 26. Qd5 Nxc4 27. Rhe1
Rfd8 28. Qe4 Rd2+ 29. Re2 Rxe2+ 30. Kxe2 Qxg5 31. Rf1 g6 32. h4 Qb5 33. Kf3
Nd2+ {Normal} 0-1

[Event "Rated Blitz game"]
[Site "?"]
[Date "2021.05.19"]
[Round "?"]
[White "Pliukha_Mikhail"]
[Black "Erow"]
[Result "0-1"]
[WhiteElo "2572"]
[BlackElo "2744"]
[PlyCount "126"]
[EventDate "2021.??.??"]
[EventType "blitz"]

1. e4 e5 2. Nf3 d5 3. d4 dxe4 4. Nxe5 Bd6 5. Nc3 Bxe5 6. dxe5 Qxd1+ 7. Kxd1 Bf5
8. Bf4 Nc6 9. Bc4 Nge7 10. Ke1 Ng6 11. Bg3 Ngxe5 12. Bd5 O-O-O 13. Rd1 Rhe8 14.
a3 f6 15. Ke2 Bg4+ 16. f3 exf3+ 17. gxf3 Nxf3+ 18. Kf2 Nfd4 19. Rde1 Nxc2 20.
Rxe8 Rxe8 21. Bxc6 bxc6 22. Rc1 Nd4 23. b4 Re6 24. a4 Ne2 25. Nxe2 Rxe2+ 26.
Kf1 Bf3 27. b5 Re6 28. bxc6 Rxc6 29. Re1 g5 30. Re7 h5 31. Kf2 Bd1 32. h4 Bxa4
33. Rh7 Bd1 34. Ke1 Bg4 35. Kd2 a5 36. Rh8+ Kb7 37. Rd8 a4 38. Rd4 Ra6 39. Rc4
c6 40. Rb4+ Kc8 41. Kc3 a3 42. Rb8+ Kd7 43. Rb7+ Ke6 44. Rb1 a2 45. Ra1 Ra3+
46. Kb4 Rxg3 47. Rxa2 gxh4 48. Ra8 c5+ 49. Kc4 Be2+ 50. Kxc5 h3 51. Kd4 h2 52.
Re8+ Kf5 53. Rxe2 h1=Q 54. Rf2+ Rf3 55. Rd2 Qh4+ 56. Kd5 Qe4+ 57. Kd6 Qe6+ 58.
Kc5 Rc3+ 59. Kb4 Qc4+ 60. Ka5 Ra3+ 61. Kb6 Rb3+ 62. Ka5 Qb4+ 63. Ka6 Qa4# {
Normal} 0-1

[Event "Rated Blitz game"]
[Site "?"]
[Date "2021.05.19"]
[Round "?"]
[White "CalvinKChess"]
[Black "DarthZannah"]
[Result "0-1"]
[WhiteElo "2474"]
[BlackElo "2525"]
[PlyCount "44"]
[EventDate "2021.??.??"]
[EventType "blitz"]

1. e4 e5 2. Nf3 d5 3. Nxe5 dxe4 4. d4 Nd7 5. Nxd7 Bxd7 6. Be2 Bd6 7. c4 c6 8.
Nc3 f5 9. g3 Nf6 10. Be3 Qe7 11. a3 O-O 12. Qb3 Kh8 13. h4 Be6 14. d5 Bf7 15.
h5 b5 16. h6 g6 17. O-O-O bxc4 18. Bxc4 Rab8 19. Qa2 Be5 20. Bd4 cxd5 21. Be2
Rfc8 22. Kb1 Bxd4 {Normal} 0-1

[Event "Rated Blitz game"]
[Site "?"]
[Date "2021.05.19"]
[Round "?"]
[White "The3Streets"]
[Black "KinzyabulatovRenat"]
[Result "0-1"]
[WhiteElo "2432"]
[BlackElo "2372"]
[PlyCount "40"]
[EventDate "2021.??.??"]
[EventType "blitz"]

1. e4 e5 2. Nf3 d5 3. Nxe5 Bd6 4. d4 dxe4 5. Bc4 Bxe5 6. dxe5 Qxd1+ 7. Kxd1 Nc6
8. Bf4 Nge7 9. e6 Bxe6 10. Bxe6 fxe6 11. Bxc7 Rc8 12. Bg3 Nb4 13. Na3 O-O 14.
Re1 Rfd8+ 15. Ke2 Nxc2 16. Nxc2 Rxc2+ 17. Kf1 Nf5 18. Be5 Rdd2 19. g4 Rxf2+ 20.
Kg1 Nh4 {Normal} 0-1

[Event "Rated Blitz game"]
[Site "?"]
[Date "2021.05.19"]
[Round "?"]
[White "Blol02"]
[Black "DonCroccante"]
[Result "1-0"]
[WhiteElo "2587"]
[BlackElo "2444"]
[PlyCount "71"]
[EventDate "2021.??.??"]
[EventType "blitz"]

1. e4 e5 2. Nf3 d5 3. d3 dxe4 4. dxe4 Qxd1+ 5. Kxd1 Nc6 6. Bb5 Bd7 7. Be3 O-O-O
8. Nc3 Bb4 9. Nd5 Nf6 10. Nxf6 gxf6 11. c3 Be7 12. Be2 f5 13. exf5 Bxf5+ 14.
Ke1 h6 15. Rd1 Bg6 16. Bb5 Be4 17. Ke2 Rhg8 18. Rhg1 Bd6 19. Bxh6 f5 20. Ng5
Rh8 21. Nf7 Rdg8 22. Nxh8 Rxh8 23. Bc1 Rxh2 24. Bd3 Bxd3+ 25. Rxd3 Rh8 26. Rh3
Rg8 27. g3 f4 28. Rgh1 Kd7 29. Rh7+ Ke6 30. R1h6+ Kd5 31. gxf4 exf4 32. Rh5+
Ke6 33. R7h6+ Kd7 34. Rxd6+ cxd6 35. Bxf4 Re8+ 36. Be3 {Time forfeit} 1-0

[Event "Rated Blitz game"]
[Site "?"]
[Date "2021.05.19"]
[Round "?"]
[White "jamestsherwin"]
[Black "Razario90"]
[Result "1/2-1/2"]
[WhiteElo "2421"]
[BlackElo "2446"]
[PlyCount "171"]
[EventDate "2021.??.??"]
[EventType "blitz"]

1. e4 e5 2. Nf3 d5 3. Nxe5 dxe4 4. d4 exd3 5. Bxd3 Bd6 6. Nc4 Be7 7. O-O Nf6 8.
Re1 O-O 9. Nc3 Nc6 10. Bf4 Bg4 11. Qd2 Rc8 12. f3 Be6 13. Kh1 Re8 14. Qf2 Nh5
15. Be3 Bh4 16. g3 Bg5 17. f4 Be7 18. Rad1 Bd5+ 19. Nxd5 Qxd5+ 20. Kg1 Qe6 21.
Bxa7 Qf6 22. Bd4 Nxd4 23. Ne5 c5 24. c3 Nc6 25. Nd7 Qh6 26. Nxc5 Bxc5 27. Qxc5
Nf6 28. Rxe8+ Rxe8 29. Qf2 Ng4 30. Qg2 Qe6 31. Qf3 h5 32. Bc2 Kf8 33. h3 Qe3+
34. Qxe3 Nxe3 35. Rd2 h4 36. g4 Nc4 37. Rf2 Re1+ 38. Kh2 Nxb2 39. Bf5 Nc4 40.
Bc8 N6a5 41. g5 Ke7 42. f5 f6 43. gxf6+ Kxf6 44. Be6 Kg5 45. Rg2+ Kf4 46. Rg4+
Ke5 47. Bxc4 Nxc4 48. Rxc4 Re2+ 49. Kg1 Rxa2 50. Rxh4 Kxf5 51. Rb4 Rc2 52. Rxb7
Rxc3 53. Rxg7 Rxh3 54. Rg2 Rh4 55. Kf2 Rg4 56. Rh2 Ra4 57. Rh5+ Kg6 58. Rc5 Ra3
59. Rc4 Kf6 60. Ke2 Ke6 61. Re4+ Kd5 62. Re3 Ra2+ 63. Kf3 Ra1 64. Rd3+ Ke5 65.
Re3+ Kf5 66. Rd3 Ra2 67. Rd5+ Ke6 68. Rb5 Rc2 69. Ke4 Rh2 70. Rb6+ Kd7 71. Rg6
Ke7 72. Ke5 Rh5+ 73. Kf4 Kf7 74. Rc6 Rb5 75. Ke4 Ke7 76. Rc4 Ke6 77. Rc6+ Kd7
78. Rc4 Rb6 79. Rc5 Rb4+ 80. Kd5 Rh4 81. Rc3 Rh5+ 82. Ke4 Rh4+ 83. Ke5 Rh5+ 84.
Ke4 Rh4+ 85. Ke5 Rh5+ 86. Ke4 {Normal} 1/2-1/2

[Event "Rated Blitz game"]
[Site "?"]
[Date "2021.05.19"]
[Round "?"]
[White "incognito80"]
[Black "Razario90"]
[Result "1-0"]
[WhiteElo "2405"]
[BlackElo "2447"]
[PlyCount "45"]
[EventDate "2021.??.??"]
[EventType "blitz"]

1. e4 e5 2. Nf3 d5 3. exd5 e4 4. Qe2 Nf6 5. d3 Qxd5 6. Nfd2 Be7 7. Nxe4 O-O 8.
Nbc3 Qd8 9. Qf3 Nc6 10. Be3 Nb4 11. O-O-O Nfd5 12. a3 f5 13. axb4 fxe4 14. Qxe4
Nxb4 15. g4 Kh8 16. Bg2 Bd7 17. Qc4 c6 18. Bc5 b5 19. Qxb4 a5 20. Qd4 Bxc5 21.
Qxc5 Bxg4 22. Rde1 Rxf2 23. Qxf2 {Normal} 1-0

[Event "Rated Blitz game"]
[Site "?"]
[Date "2021.05.19"]
[Round "?"]
[White "GrandeGila"]
[Black "KinzyabulatovRenat"]
[Result "1/2-1/2"]
[WhiteElo "2434"]
[BlackElo "2379"]
[PlyCount "150"]
[EventDate "2021.??.??"]
[EventType "blitz"]

1. e4 e5 2. Nf3 d5 3. exd5 e4 4. Qe2 Nf6 5. d3 Qxd5 6. Nbd2 Nc6 7. dxe4 Qh5 8.
Qb5 Bc5 9. Nb3 Nxe4 10. Nxc5 Qxc5 11. Be3 Qxb5 12. Bxb5 Bd7 13. O-O-O O-O-O 14.
Rhe1 Rhe8 15. c3 a6 16. Bc4 Nd6 17. Bd5 Ne7 18. Bb3 Bg4 19. h3 Bxf3 20. gxf3
Nef5 21. Bf4 f6 22. Be6+ Kb8 23. b3 g5 24. Bh2 h5 25. Rd5 Ng7 26. f4 Rxe6 27.
Rg1 Re2 28. fxg5 fxg5 29. Rgxg5 Rxf2 30. Bxd6 Rxd6 31. Rxd6 cxd6 32. Rxg7 Rh2
33. Rg3 h4 34. Rd3 Rxa2 35. Rxd6 Rh2 36. Rd3 Rg2 37. b4 Kc7 38. Rd4 Rg3 39.
Rxh4 Rxc3+ 40. Kb2 Rg3 41. Rh7+ Kb6 42. h4 Rh3 43. h5 Kc6 44. h6 b6 45. Rh8 Kb5
46. h7 Kxb4 47. Kc2 b5 48. Kd2 a5 49. Kc2 a4 50. Kb2 Rh2+ 51. Kc1 Kc3 52. Rc8+
Kb3 53. h8=Q Rxh8 54. Rxh8 b4 55. Rh3+ Kc4 56. Kb2 Kd4 57. Rh4+ Kc5 58. Kc2 Kb5
59. Kd3 a3 60. Kc2 Ka4 61. Rh3 Kb5 62. Kb3 Kc5 63. Rh5+ Kd4 64. Kxb4 a2 65. Rh1
Kd3 66. Ra1 Kc2 67. Rxa2+ Kd3 68. Ra3+ Kd4 69. Rc3 Kd5 70. Rc1 Ke4 71. Rd1 Ke3
72. Kc3 Ke4 73. Rd8 Ke5 74. Rd1 Ke4 75. Rd2 Ke5 {Time forfeit} 1/2-1/2

[Event "Rated Blitz game"]
[Site "?"]
[Date "2021.05.19"]
[Round "?"]
[White "mmario119"]
[Black "Razario90"]
[Result "0-1"]
[WhiteElo "2325"]
[BlackElo "2435"]
[PlyCount "100"]
[EventDate "2021.??.??"]
[EventType "blitz"]

1. e4 e5 2. Nf3 d5 3. Nxe5 dxe4 4. d4 exd3 5. Nxd3 Bd6 6. Be2 Nf6 7. O-O h6 8.
Nc3 a6 9. Bf3 O-O 10. Bf4 Re8 11. h3 Nc6 12. Bxd6 Qxd6 13. Re1 Bf5 14. Rxe8+
Rxe8 15. Ne2 Bxd3 16. Qxd3 Qxd3 17. cxd3 Ne5 18. Be4 Nxe4 19. dxe4 Rd8 20. Nc3
Rd2 21. b3 Nd3 22. Rd1 Rxd1+ 23. Nxd1 Nc1 24. Nc3 b5 25. b4 Kf8 26. a3 Ke7 27.
Kf1 Kd6 28. f4 f6 29. g3 c5 30. bxc5+ Kxc5 31. Nd5 a5 32. Ke1 Nd3+ 33. Kd2 Nf2
34. Nc7 Nxe4+ 35. Kd3 Nxg3 36. Ne6+ Kd5 37. Nxg7 b4 38. axb4 axb4 39. Ne8 Nh5
40. f5 Ke5 41. Kc4 Kxf5 42. Kxb4 Ke4 43. Nd6+ Kd4 44. Nf7 f5 45. Nxh6 f4 46.
Ng4 f3 47. h4 Nf6 48. Nf2 Ke3 49. Nh3 Nh5 50. Ng5 f2 {Normal} 0-1

[Event "Rated Blitz tournament Qfv3LPhH"]
[Site "?"]
[Date "2021.05.19"]
[Round "?"]
[White "stambul65"]
[Black "om_gendut"]
[Result "1/2-1/2"]
[WhiteElo "2449"]
[BlackElo "2399"]
[PlyCount "23"]
[EventDate "2021.??.??"]
[EventType "blitz"]

1. e4 e5 2. Nf3 d5 3. d4 dxe4 4. Nxe5 Bd6 5. Nc3 Bxe5 6. dxe5 Qxd1+ 7. Kxd1 Nc6
8. Bb5 Bd7 9. Nxe4 O-O-O 10. c3 Bf5+ 11. Nd2 Nxe5 12. Re1 {Normal} 1/2-1/2

[Event "Rated Rapid game"]
[Site "?"]
[Date "2021.05.19"]
[Round "?"]
[White "Bartok97"]
[Black "Delyvj"]
[Result "0-1"]
[WhiteElo "2353"]
[BlackElo "2465"]
[PlyCount "64"]
[EventDate "2021.??.??"]
[EventType "rapid"]

1. e4 e5 2. Nf3 d5 3. Nxe5 dxe4 4. d4 exd3 5. Bxd3 Nd7 6. Nxf7 Kxf7 7. Qh5+ g6
8. Qd5+ Kg7 9. O-O Ngf6 10. Qg5 Nb6 11. a4 Qd5 12. Qf4 Bd6 13. Qh6+ Kf7 14.
Bxg6+ hxg6 15. Qxh8 Bf5 16. Qh4 Bxc2 17. Nc3 Qh5 18. Qxh5 gxh5 19. Be3 Nbd5 20.
Rac1 Bf5 21. Nb5 Be5 22. Bd4 Bf4 23. Ra1 a6 24. Nc3 Nb4 25. Bxf6 Kxf6 26. g3
Be5 27. Rac1 c6 28. f4 Bd4+ 29. Kg2 Nd3 30. Rcd1 c5 31. Nd5+ Kf7 32. Nc3 Nxb2 {
Normal} 0-1

[Event "Rated Blitz game"]
[Site "?"]
[Date "2021.05.19"]
[Round "?"]
[White "EnesYusufKamis34"]
[Black "anjaya01"]
[Result "0-1"]
[WhiteElo "2397"]
[BlackElo "2454"]
[PlyCount "80"]
[EventDate "2021.??.??"]
[EventType "blitz"]

1. e4 e5 2. Nf3 d5 3. exd5 Bd6 4. Bb5+ Kf8 5. O-O h6 6. d4 e4 7. Ne5 a6 8. Bc4
Nd7 9. Qh5 Qf6 10. Nxd7+ Bxd7 11. c3 g6 12. Qe2 Re8 13. Be3 Kg7 14. Nd2 Qh4 15.
g3 Qh3 16. f3 Nf6 17. Nxe4 Nxe4 18. fxe4 Rxe4 19. Qf3 f5 20. Bd3 Rg4 21. Bf2 h5
22. Qg2 Qxg2+ 23. Kxg2 h4 24. h3 Rg5 25. Be3 Rxg3+ 26. Kf2 Rxh3 27. Rg1 Re8 28.
Rae1 Bg3+ 29. Kg2 Rh2+ 30. Kf3 Bxe1 31. Rxe1 Rh3+ 32. Kf2 Rhxe3 33. Rxe3 Rxe3
34. Kxe3 g5 35. c4 Kf6 36. c5 f4+ 37. Kf2 g4 38. c6 bxc6 39. Bxa6 cxd5 40. a4
Bxa4 {Normal} 0-1

[Event "Rated Blitz game"]
[Site "?"]
[Date "2021.05.19"]
[Round "?"]
[White "fresh_wind"]
[Black "DonCroccante"]
[Result "0-1"]
[WhiteElo "2437"]
[BlackElo "2424"]
[PlyCount "126"]
[EventDate "2021.??.??"]
[EventType "blitz"]

1. e4 e5 2. Nf3 d5 3. Nxe5 Bd6 4. d4 dxe4 5. f4 exf3 6. Qxf3 Nf6 7. Bd3 Nbd7 8.
Bf4 O-O 9. O-O c5 10. c3 cxd4 11. cxd4 Qb6 12. Be3 Qxb2 13. Nd2 Nxe5 14. dxe5
Qxe5 15. g3 Ng4 16. Nc4 Qh5 17. Qg2 Nxe3 18. Nxe3 Bh3 19. Qf3 Qh6 20. Nf5 Bc5+
21. Kh1 Qf6 22. Qh5 Qc6+ 23. Qf3 Bxf1 24. Qxc6 bxc6 25. Rxf1 g6 26. Nh6+ Kg7
27. Ng4 Rae8 28. Bc4 f5 29. Nf2 Bxf2 30. Rxf2 Re4 31. Bb3 Rfe8 32. Rc2 Re1+ 33.
Kg2 R1e2+ 34. Rxe2 Rxe2+ 35. Kf3 Rd2 36. a4 Kf6 37. h4 h6 38. Ke3 Rb2 39. Bc4
c5 40. Bb5 Rb4 41. Kf3 g5 42. hxg5+ hxg5 43. Kf2 Ke5 44. Kf3 Rxb5 45. axb5 Kd5
46. g4 fxg4+ 47. Kxg4 c4 48. b6 axb6 49. Kxg5 b5 50. Kf4 Kd4 51. Kf3 Kd3 52.
Kf2 Kd2 53. Kf3 c3 54. Ke4 c2 55. Kd5 c1=Q 56. Ke5 b4 57. Kd5 b3 58. Ke4 b2 59.
Kd5 b1=Q 60. Kd4 Qc3+ 61. Kd5 Qbb4 62. Ke6 Qc6+ 63. Kf7 Qbb7+ {Time forfeit}
0-1

[Event "Rated Blitz game"]
[Site "?"]
[Date "2021.05.19"]
[Round "?"]
[White "Sengdorzh"]
[Black "Killerrhino"]
[Result "1-0"]
[WhiteElo "2571"]
[BlackElo "2374"]
[PlyCount "71"]
[EventDate "2021.??.??"]
[EventType "blitz"]

1. e4 e5 2. Nf3 d5 3. Nxe5 Bd6 4. d4 dxe4 5. Nc4 Nf6 6. Nc3 Nc6 7. Bg5 Bf5 8.
Be2 Be7 9. d5 Nb4 10. Ne3 Bg6 11. a3 Na6 12. Bb5+ Nd7 13. Bxe7 Qxe7 14. d6 Qxd6
15. Qxd6 cxd6 16. O-O-O O-O-O 17. Bxa6 bxa6 18. Rxd6 Nb6 19. Rhd1 Rxd6 20. Rxd6
Kc7 21. Rd4 f5 22. g3 Re8 23. a4 a5 24. Ncd5+ Kc6 25. Nf4 Re5 26. b3 Bf7 27. h4
g6 28. Rd8 h6 29. Rf8 Re7 30. h5 Nd7 31. Rc8+ Kb7 32. Rh8 gxh5 33. Nxf5 e3 34.
fxe3 Re4 35. Nd6+ Kc6 36. Nxe4 {Normal} 1-0

[Event "Rated Blitz game"]
[Site "?"]
[Date "2021.05.19"]
[Round "?"]
[White "man_man_lai"]
[Black "annaly1979"]
[Result "1-0"]
[WhiteElo "2515"]
[BlackElo "2402"]
[PlyCount "77"]
[EventDate "2021.??.??"]
[EventType "blitz"]

1. e4 e5 2. Nf3 d5 3. d4 dxe4 4. Nxe5 Bd6 5. Bf4 Nf6 6. Nc3 O-O 7. Bc4 h6 8.
O-O Nc6 9. Re1 Bf5 10. Qd2 Qe7 11. Nxc6 bxc6 12. Ne2 Rab8 13. b3 Nd5 14. Bxd6
cxd6 15. Bxd5 cxd5 16. c4 dxc4 17. bxc4 d5 18. c5 a5 19. Nc3 Qd7 20. Qf4 Be6
21. Rab1 Rb4 22. Rxb4 axb4 23. Ne2 Qa4 24. Qd2 Ra8 25. Ra1 b3 26. a3 b2 27.
Qxb2 Bg4 28. Nf4 Be6 29. h3 g5 30. Nxe6 fxe6 31. h4 Rf8 32. hxg5 hxg5 33. Qd2
Rf5 34. Rc1 Kf7 35. c6 g4 36. c7 g3 37. c8=Q gxf2+ 38. Kf1 Qb5+ 39. Qe2 {Normal
} 1-0

[Event "Rated Blitz game"]
[Site "?"]
[Date "2021.05.19"]
[Round "?"]
[White "Nikdoisnicnetusitxd"]
[Black "annaly1979"]
[Result "1-0"]
[WhiteElo "2433"]
[BlackElo "2391"]
[PlyCount "57"]
[EventDate "2021.??.??"]
[EventType "blitz"]

1. e4 e5 2. Nf3 d5 3. Nxe5 Qe7 4. d4 f6 5. Nf3 dxe4 6. Nfd2 f5 7. Nb3 Nf6 8.
Bf4 Nc6 9. c4 Qf7 10. Nc3 Bb4 11. d5 Na5 12. Nxa5 Bxa5 13. Qa4+ Bd7 14. Qxa5
O-O 15. O-O-O b6 16. Qa3 a5 17. Be2 Rfc8 18. Kb1 a4 19. Rc1 Ne8 20. Rhd1 b5 21.
Nxb5 Bxb5 22. cxb5 Rcb8 23. Ka1 h6 24. Rc6 Qd7 25. Bc4 Kh8 26. Qf8+ Kh7 27.
Rxh6+ gxh6 28. Qxh6+ Kg8 29. d6+ {Normal} 1-0

[Event "Rated Blitz game"]
[Site "?"]
[Date "2021.05.19"]
[Round "?"]
[White "jetaedin"]
[Black "Kaissiber"]
[Result "0-1"]
[WhiteElo "2438"]
[BlackElo "2411"]
[PlyCount "94"]
[EventDate "2021.??.??"]
[EventType "blitz"]

1. e4 e5 2. Nf3 d5 3. exd5 e4 4. Qe2 Nf6 5. d3 Be7 6. dxe4 O-O 7. Nbd2 Re8 8.
Qd3 Na6 9. Be2 Nc5 10. Qc4 b5 11. Qd4 Na4 12. O-O Bc5 13. Qd3 a6 14. b3 Nb6 15.
Bb2 Bg4 16. h3 Bh5 17. Bd4 Bf8 18. Ne5 Bxe2 19. Qxe2 Nfxd5 20. exd5 f6 21. c4
fxe5 22. Bxb6 cxb6 23. cxb5 axb5 24. Qxb5 Ra5 25. Qc4 Rxd5 26. Ne4 b5 27. Qc2
Qc8 28. Qxc8 Rxc8 29. Rac1 Rcd8 30. a4 Ba3 31. Ra1 b4 32. Rab1 h6 33. Rfe1 Kf7
34. g3 g5 35. Kg2 Kg6 36. Kf3 Rf8+ 37. Kg2 Rd3 38. Red1 Rfd8 39. Rxd3 Rxd3 40.
Kf1 Kf5 41. Nc5 Rc3 42. Nd7 Rc2 43. Kg2 e4 44. a5 e3 45. Rf1 e2 46. Re1 Bb2 47.
Kf3 Ke6 {Time forfeit} 0-1

[Event "Rated Blitz game"]
[Site "?"]
[Date "2021.05.19"]
[Round "?"]
[White "Alejandropacheco29"]
[Black "annaly1979"]
[Result "1-0"]
[WhiteElo "2460"]
[BlackElo "2398"]
[PlyCount "67"]
[EventDate "2021.??.??"]
[EventType "blitz"]

1. e4 e5 2. Nf3 d5 3. exd5 e4 4. Qe2 f5 5. d3 Nf6 6. Nbd2 Be7 7. dxe4 fxe4 8.
Nxe4 Nxe4 9. Qxe4 O-O 10. Bd3 Bf5 11. Qc4 Bxd3 12. Qxd3 Bd6 13. O-O Nd7 14. Be3
Qe8 15. Rae1 Qh5 16. h3 Rae8 17. Bd4 b6 18. c4 Nc5 19. Bxc5 Bxc5 20. Rxe8 Rxe8
21. Re1 Rf8 22. Re4 Qg6 23. Qe2 h5 24. a3 a5 25. Nd4 a4 26. f3 Qg3 27. Kh1 Bd6
28. Kg1 Qh2+ 29. Kf2 Bg3+ 30. Ke3 Qg1+ 31. Kd3 Qb1+ 32. Kc3 Kh7 33. Qc2 Qf1 34.
Re1+ {Normal} 1-0

[Event "Rated Blitz game"]
[Site "?"]
[Date "2021.05.19"]
[Round "?"]
[White "jestoniarboleda"]
[Black "KinzyabulatovRenat"]
[Result "1/2-1/2"]
[WhiteElo "2442"]
[BlackElo "2401"]
[PlyCount "78"]
[EventDate "2021.??.??"]
[EventType "blitz"]

1. e4 e5 2. Nf3 d5 3. Nxe5 Bd6 4. d4 dxe4 5. Bf4 Nf6 6. Bg3 O-O 7. Bc4 Nc6 8.
Nxc6 bxc6 9. c3 Rb8 10. b4 a5 11. a3 Ra8 12. Nd2 Nd5 13. Rc1 axb4 14. axb4 f5
15. Bxd5+ cxd5 16. Be5 f4 17. Qb3 c6 18. Nxe4 Bxe5 19. dxe5 Qe7 20. O-O f3 21.
Rfe1 Qxe5 22. Ng3 Qg5 23. c4 h5 24. cxd5 h4 25. dxc6+ Kh8 26. Rc5 Bf5 27. Rxf5
Rxf5 28. c7 hxg3 29. hxg3 fxg2 30. Qe6 Rff8 31. Qh3+ Kg8 32. Qe6+ Kh7 33. Kxg2
g6 34. Rh1+ Kg7 35. Qd7+ Kf6 36. Qd6+ Kg7 37. Qd7+ Kf6 38. Qd6+ Kf7 39. Qd7+
Kf6 {Normal} 1/2-1/2

[Event "Rated Blitz game"]
[Site "?"]
[Date "2021.05.19"]
[Round "?"]
[White "dukodlak"]
[Black "KinzyabulatovRenat"]
[Result "1-0"]
[WhiteElo "2448"]
[BlackElo "2374"]
[PlyCount "77"]
[EventDate "2021.??.??"]
[EventType "blitz"]

1. e4 e5 2. Nf3 d5 3. d4 dxe4 4. Nxe5 Bd6 5. Nc3 Bxe5 6. dxe5 Qxd1+ 7. Nxd1 Nc6
8. Bf4 Nge7 9. Nc3 Ng6 10. Bg3 h5 11. h3 h4 12. Bh2 e3 13. f4 Nd4 14. O-O-O c5
15. Bd3 Bf5 16. Nd5 O-O 17. Nxe3 Bxd3 18. Rxd3 Nxf4 19. Bxf4 Ne2+ 20. Kb1 Nxf4
21. Rd7 b6 22. Rhd1 Rfe8 23. Nd5 Nxd5 24. R1xd5 Re6 25. a4 Rg6 26. Rd2 Re8 27.
Rxa7 Rxe5 28. Rb7 Reg5 29. Rd8+ Kh7 30. Rxf7 Rxg2 31. Rff8 Rh6 32. Rh8+ Kg6 33.
Rd6+ Kg5 34. Rhxh6 gxh6 35. Rxb6 Rg3 36. a5 Rxh3 37. a6 Rf3 38. a7 Rf8 39. Rb8
{Normal} 1-0

[Event "Rated Blitz game"]
[Site "?"]
[Date "2021.05.19"]
[Round "?"]
[White "vlad08122002"]
[Black "annaly1979"]
[Result "0-1"]
[WhiteElo "2401"]
[BlackElo "2382"]
[PlyCount "70"]
[EventDate "2021.??.??"]
[EventType "blitz"]

1. e4 e5 2. Nf3 d5 3. Nxe5 Qe7 4. d4 f6 5. Qh5+ g6 6. Nxg6 Qxe4+ 7. Be2 Qxg6 8.
Qxd5 Ne7 9. Qf3 Nbc6 10. c3 Bf5 11. Bf4 Bxb1 12. Bxc7 Be4 13. Qh3 Nd5 14. Bh5
Nxc7 15. Bxg6+ Bxg6 16. O-O f5 17. Rfe1+ Be7 18. Qf3 O-O-O 19. Rad1 Bd6 20. h3
Rhe8 21. Rxe8 Rxe8 22. c4 Nxd4 23. Qd3 Be5 24. Re1 f4 25. Qd2 f3 26. Rxe5 Ne2+
27. Kh2 Rxe5 28. gxf3 Re8 29. f4 Kb8 30. b4 Bh5 31. c5 Ne6 32. Qd6+ Ka8 33. f5
Ng5 34. f6 Nc3 35. Qd2 Nf3+ {Normal} 0-1

[Event "Rated Rapid game"]
[Site "?"]
[Date "2021.05.19"]
[Round "?"]
[White "Shamsutdin"]
[Black "Phdchess50"]
[Result "0-1"]
[WhiteElo "2506"]
[BlackElo "2362"]
[PlyCount "96"]
[EventDate "2021.??.??"]
[EventType "rapid"]

1. e4 e5 2. Nf3 d5 3. Nxe5 Bd6 4. d4 dxe4 5. Nc4 Nf6 6. Nxd6+ cxd6 7. Be2 O-O
8. Be3 d5 9. Nd2 Nc6 10. O-O Bf5 11. c4 Re8 12. c5 Qd7 13. Re1 Ng4 14. Nf1 Ne7
15. h3 Nxe3 16. Nxe3 Ng6 17. Bg4 Bxg4 18. Qxg4 Qxg4 19. hxg4 Rad8 20. b4 Nf4
21. a4 Nd3 22. Kf1 Nxe1 23. Kxe1 a5 24. bxa5 Re6 25. Rb1 Ra6 26. Rb5 Kf8 27.
Kd2 Rd7 28. Kc3 Ke7 29. Kb4 h5 30. g5 Rg6 31. Rb6 Rxg5 32. a6 bxa6 33. Rxa6 f5
34. Rb6 f4 35. Nd1 Rxg2 36. Nc3 Rxf2 37. a5 f3 38. c6 Ra7 39. Nxd5+ Kf7 40. Kc5
Rxa5+ 41. Kd6 Rxd5+ 42. Kxd5 Rc2 43. Kxe4 f2 44. Rb1 Rxc6 45. Rf1 Rf6 46. d5
Ke7 47. Ke5 h4 48. d6+ Kd7 {Normal} 0-1

[Event "Rated Blitz game"]
[Site "?"]
[Date "2021.05.19"]
[Round "?"]
[White "Licenciadomate"]
[Black "Berovski"]
[Result "0-1"]
[WhiteElo "2416"]
[BlackElo "2407"]
[PlyCount "34"]
[EventDate "2021.??.??"]
[EventType "blitz"]

1. e4 e5 2. Nf3 d5 3. exd5 e4 4. Qe2 f5 5. d3 Nf6 6. Nbd2 Qxd5 7. dxe4 fxe4 8.
c4 Qa5 9. Nd4 Nc6 10. Nxc6 bxc6 11. Qe3 Bc5 12. Qg3 O-O 13. Be2 e3 14. fxe3 Ne4
15. Qe5 Bf5 16. Bf3 Rae8 17. Qf4 g5 {Normal} 0-1

[Event "Rated Blitz game"]
[Site "?"]
[Date "2021.05.19"]
[Round "?"]
[White "oj_ossa"]
[Black "KinzyabulatovRenat"]
[Result "1/2-1/2"]
[WhiteElo "2485"]
[BlackElo "2373"]
[PlyCount "137"]
[EventDate "2021.??.??"]
[EventType "blitz"]

1. e4 e5 2. Nf3 d5 3. Nc3 d4 4. Ne2 Bd6 5. Ng3 c5 6. Bc4 Nc6 7. d3 Nge7 8. a3
O-O 9. O-O Be6 10. Bxe6 fxe6 11. Ng5 Qd7 12. Nh3 Ng6 13. Qh5 Nf4 14. Nxf4 exf4
15. Ne2 g6 16. Qh3 f3 17. gxf3 Qf7 18. f4 e5 19. fxe5 Nxe5 20. f4 Nc6 21. e5
Bc7 22. Ng3 Rae8 23. Ne4 Kh8 24. Bd2 b6 25. Rf3 Nxe5 26. Rg3 Nc4 27. Ng5 Qe7
28. dxc4 Bxf4 29. Bxf4 Rxf4 30. Kh1 Rf2 31. Rag1 Qb7+ 32. R3g2 Ree2 33. Qg3
Rxg2 34. Rxg2 Rxc2 35. Qe5+ Kg8 36. Qe8+ Kg7 37. Qe5+ Kh6 38. Ne4 Rxg2 39. Kxg2
d3 40. Kg3 Qd7 41. Qg5+ Kg7 42. Qf6+ Kh6 43. Nf2 d2 44. Ng4+ Qxg4+ 45. Kxg4
d1=Q+ 46. Qf3 Qxf3+ 47. Kxf3 Kg5 48. Kg3 Kf5 49. Kf3 g5 50. h3 h5 51. b3 g4+
52. hxg4+ hxg4+ 53. Kg3 Kg5 54. Kf2 Kf4 55. Kg2 a5 56. a4 Ke4 57. Kg3 Kd3 58.
Kxg4 Kc3 59. Kf4 Kxb3 60. Ke4 Kxc4 61. Ke3 Kb4 62. Kd2 Kxa4 63. Kc2 c4 64. Kb2
Kb4 65. Kc2 a4 66. Kb1 a3 67. Ka1 Kb3 68. Kb1 a2+ 69. Ka1 {Time forfeit}
1/2-1/2